000 00839nam a2200229Ia 4500
003 PE SENCICO BE
005 20251020182431.0
008 200515s9999 xx 000 0 und d
020 _a970-10-2434-6
040 _aPE SENCICO BE
_cPE SENCICO BE
041 _aspa
082 _a741.6
_bL8
100 1 _aLloyd Morgan, Conway
_92600
_eautor
245 1 0 _aLogos :
_blogotipos, identidad, marca, cultura /
_cConway Lloyd Morgan
260 _aMéxico, D.F. :
_bMcGraw-Hill ;
_c1999
300 _a160 p. :
_bil. col., lams. ;
_c26 cm.
505 0 _a¿Que es un logotipo? -- ¿Que es una identidad corporativa? -- ¿Que es una marca? -- ¿Que son la cultura corporativa y la cultura de marca?
650 1 0 _aImagen corporativa
_91964
650 2 0 _aLogotipos (Símbolos)
_9474
650 2 0 _aCultura organizacional
_91395
942 _cLIB
_2ddc
999 _c265
_d265